Statistics for 50 Biggest Cities in the United States - In Order

Click here to take the quiz!

General Stats

  • This quiz has been taken 398 times
  • The average score is 30 of 50

Answer Stats

PopulationStateCity% Correct
8,336,817New YorkNew York City
100%
3,979,576CaliforniaLos Angeles
99%
2,693,976IllinoisChicago
98%
2,320,268TexasHouston
96%
1,584,064PennsylvaniaPhiladelphia
90%
1,343,573TexasDallas
89%
1,680,992ArizonaPhoenix
86%
1,547,253TexasSan Antonio
85%
1,423,851CaliforniaSan Diego
82%
911,507FloridaJacksonville
81%
692,600MassachusettsBoston
78%
1,021,795CaliforniaSan Jose
78%
978,908TexasAustin
77%
876,384IndianaIndianapolis
77%
705,749District of ColumbiaWashington
77%
727,211ColoradoDenver
74%
898,553OhioColumbus
71%
881,549CaliforniaSan Francisco
68%
753,675WashingtonSeattle
68%
670,031MichiganDetroit
66%
909,585TexasFort Worth
62%
651,319NevadaLas Vegas
62%
593,490MarylandBaltimore
61%
885,708North CarolinaCharlotte
61%
655,057OklahomaOklahoma City
60%
654,741OregonPortland
60%
495,327KansasKansas City
57%
506,811GeorgiaAtlanta
56%
670,820TennesseeNashville
56%
681,728TexasEl Paso
54%
651,073TennesseeMemphis
53%
617,638KentuckyLouisville
49%
467,963FloridaMiami
47%
590,157WisconsinMilwaukee
45%
429,606MinnesotaMinneapolis
45%
399,700FloridaTampa
45%
531,576CaliforniaFresno
44%
390,144LouisianaNew Orleans
42%
548,073ArizonaTucson
42%
449,974VirginiaVirginia Beach
40%
474,069North CarolinaRaleigh
38%
513,624CaliforniaSacramento
37%
478,192NebraskaOmaha
36%
560,513New MexicoAlbuquerque
35%
401,190OklahomaTulsa
33%
478,221ColoradoColorado Springs
31%
518,012ArizonaMesa
29%
433,031CaliforniaOakland
28%
462,628CaliforniaLong Beach
27%
398,854TexasArlington
24%

Score Distribution

Percentile by Number Answered

Percent of People with Each Score

Your Score History

You have not taken this quiz